000 00432nam a2200157Ia 4500
999 _c37508
_d37508
003 OSt
005 20200625150031.0
008 190216s9999||||xx |||||||||||||| ||und||
040 _coclc
082 _a954
_bDHA/I
100 _aDhamodharan, K
_93248
245 0 _aIndiayude Aathmavu /
_cK Dhamodharan
260 _bS Chand & Co,
_c1980.
_aDelhi;
300 _a350p
942 _cBK
_2ddc
_h954
_iDHA/I
_k954
_mDHA/I